[Event "ISR-chT U14"]
[Site "Afula"]
[Date "2022.08.21"]
[Round "1"]
[White "Mond, Omri"]
[Black "Ben Haim, Harel"]
[Result "1-0"]
[WhiteElo "1599"]
[BlackElo "1037"]
[PlyCount "85"]
[EventDate "2022.08.21"]
[EventType "team-tourn"]
[EventRounds "9"]
[EventCountry "ISR"]
[SourceTitle "CBM 210 Extra"]
[Source "ChessBase"]
[SourceDate "2022.11.30"]
[SourceVersion "1"]
[SourceVersionDate "2022.11.30"]
[SourceQuality "1"]

1. e4 c5 2. c3 e6 3. d4 d5 4. exd5 exd5 5. Nf3 Nf6 6. Ne5 Nc6 7. Bb5 Qb6 8. Qa4 Bd7 9. Nxd7 Nxd7 10. 0-0 Be7 11. Re1 a6 12. Na3 Rc8 13. dxc5 axb5 14. Nxb5 Qxc5 15. Be3 Qc4 16. Qxc4 dxc4 17. Bg5 Kf8 18. Bxe7+ Nxe7 19. Rad1 Nf6 20. Nd6 Rb8 21. Nxc4 h5 22. Nb6 h4 23. Rd6 Ke8 24. Rxf6 gxf6 25. Nd5 Kd7 26. Rxe7+ Kd6 27. c4 b5 28. Rxf7 bxc4 29. Ne3 Ke6 30. Ra7 Rxb2 31. f4 Rg8 32. f5+ Ke5 33. Nxc4+ Ke4 34. Nxb2 Ke3 35. Re7+ Kf4 36. a4 Rb8 37. Re2 h3 38. a5 Rc8 39. Nd3+ Kxf5 40. a6 Ra8 41. Nc5 Kf4 42. Ra2 hxg2 43. Kxg2 1-0